000
00193 a2200097 4500
001
23587
100
_a
Taylor,
245
_a
Spacetine physics
260
_a
_b
Freeman
_c
090
_c
15972
_d
15972
942
_a
NUST-CAE
_c
M
_c
6638
999
_c
258660
_d
258660